Vypracovanie rozpočtov obcí.

Zákony SNR upravujúce zostavenie rozpočtov obcí a použitie ich prostriedkov. Zásadné zmeny v prístupe k vypracovaniu rozpočtov obcí na r. 1992. Zmeny v zákone o rozpočtových pravidlách. Zabezpečovanie príjmovej základne obcí v oblasti podielovej účasti na príjmoch štátneho rozpočtu SR v r. 1992. Kri...

Descrizione completa

Salvato in:
Dettagli Bibliografici
Natura: Capitolo di libro
Lingua:slovacco
Soggetti:
Tags: Aggiungi Tag
Nessun Tag, puoi essere il primo ad aggiungerne!!

MARC

LEADER 00000naa a2200000 4500
001 r007625
005 20220831085649.4
041 0 |a slo 
044 |a [CS] 
245 1 0 |a Vypracovanie rozpočtov obcí. 
520 |a Zákony SNR upravujúce zostavenie rozpočtov obcí a použitie ich prostriedkov. Zásadné zmeny v prístupe k vypracovaniu rozpočtov obcí na r. 1992. Zmeny v zákone o rozpočtových pravidlách. Zabezpečovanie príjmovej základne obcí v oblasti podielovej účasti na príjmoch štátneho rozpočtu SR v r. 1992. Kritériá na poskytnutie dotácie k tržbám bytového hospodárstva. 
610 2 0 |a rozpočet miestny 
610 2 0 |a rozpočet štátny 
610 2 0 |a obce 
610 2 0 |a Slovensko 
610 2 0 |a 1992 
610 2 0 |a zákony 
610 2 0 |a príjmy rozpočtu štátneho 
610 2 0 |a príjmy